00485nam a22001697a 450000500170000001000130001702000260003003500130005603700130006908200060008210000180008824500660010626000330017227000600020530000210026549000290028620190105153753.0 aB-713047 a9780141363967c399.00 aB-713047 bRK Books aN aRiordan, Rick aThe trials of apollo: cby Rick Riordanbthe dark prophecy /  aGurgaonbPuffin Books c2017 aPenguin Random House Children's 80 StrandbLondoneWC2R a414p.c20cm(pbk) aThe percy jackson series